Sports Quiz

Random Sports Quiz

Records set by brett favre Quiz Stats

 Plays Quiz not verified by Sporcle

Score 0/7 Timer 05:00
0 Plays Today
% Correct
touchdowns
83.1%
interceptions
72.7%
passing yards
59.7%
consecutive starts
36.4%
pass completions
26%
pass attempts
23.4%
wins
23.4%

You're not logged in!

Compare scores with friends on all Sporcle quizzes.
OR
Log In

Show Comments

Extras

Created Dec 7, 2009SourceReportNominate
Tags:brett, Brett Favre, record, set

Top Quizzes Today


Score Distribution

Your Account Isn't Verified!

In order to create a playlist on Sporcle, you need to verify the email address you used during registration. Go to your Sporcle Settings to finish the process.

Report this User

Report this user for behavior that violates our Community Guidelines.

Details: